Global feminisms since 1945 / (Record no. 21948)
[ view plain ]
| 000 -LEADER | |
|---|---|
| fixed length control field | 02590cam a22003015a 4500 |
| 001 - CONTROL NUMBER | |
| control field | 11864845 |
| 005 - DATE AND TIME OF LATEST TRANSACTION | |
| control field | 20161017124625.0 |
| 008 - FIXED-LENGTH DATA ELEMENTS--GENERAL INFORMATION | |
| fixed length control field | 991210s2000 enk frb 001 0 eng d |
| 020 ## - INTERNATIONAL STANDARD BOOK NUMBER | |
| International Standard Book Number | 0415184916 (pb) |
| 020 ## - INTERNATIONAL STANDARD BOOK NUMBER | |
| International Standard Book Number | 9780415184915 |
| 040 ## - CATALOGING SOURCE | |
| Original cataloging agency | DLC |
| Transcribing agency | DLC |
| Modifying agency | DLC |
| -- | EG-ScBUE |
| Language of cataloging | eng |
| 082 04 - DEWEY DECIMAL CLASSIFICATION NUMBER | |
| Classification number | 305.42 |
| Edition number | 22 |
| Item number | GLO |
| 245 00 - TITLE STATEMENT | |
| Title | Global feminisms since 1945 / |
| Statement of responsibility, etc | edited by Bonnie G. Smith. |
| 260 ## - PUBLICATION, DISTRIBUTION, ETC. (IMPRINT) | |
| Place of publication, distribution, etc | Oxford ; |
| -- | New York : |
| Name of publisher, distributor, etc | Routledge / Taylor & Francis Group, |
| Date of publication, distribution, etc | 2000. |
| 300 ## - PHYSICAL DESCRIPTION | |
| Extent | xii, 319 p. ; |
| Dimensions | 24 cm. |
| 490 0# - Series Statement | |
| Series statement | Rewriting histories. |
| 500 ## - GENERAL NOTE | |
| General note | Index : p. 314-319. |
| 504 ## - BIBLIOGRAPHY, ETC. NOTE | |
| Bibliography, etc | Includes bibliographical references. |
| 505 ## - FORMATTED CONTENTS NOTE | |
| Formatted contents note | Introduction -- pt.1 Nation Building: 1. Competing Agenda: Feminisms, Islam, and the State in nineteenth- and twentieth century Egypt, Margot Badran -- 2. Women and Revolution in Vietnam, Mary Anne Tetreault -- 3. Gender and Nation-Building in South Africa, Zengie A. Mangaliso -- pt. 2. Sources of Activism: 4. Female Consciousness or Feminist Consciousness? Women's Consciousness Raising in Community-Based Struggles in Brazil, Yvonne Corcoran-Nantes -- 5. The Mother of Warriors and her Daughters: The Women's Movement in Kenya, Wilhelmina Odoul and Wanjiku Mukabi Kabira -- 6. Minjung Feminism: Korean Women's Movement for Gender and Class Liberation, Miriam Chung Yoon Louie -- pt. 3. Women's Liberation: Born for Liberty: 7. Decade of Discovery, Sarah Evans -- 8. It's Not Unusual: Gay and Lesbian History in Britain, Alkarim Jivani -- 9. Feminist Critiques of Modern Japanese Politics, Vera Mackie -- pt. 4. New Waves in the 1980s and 1990s: 10. Organizing Women before and after the Fall: Women's Politics in the Soviet Union and Post-Soviet Russia, Linda Racioppi and Katherine O'Sullivan See -- 11. Eluding the Feminist, Overthrowing the Modern? Transformations in Twentieth Century Iran, Zohreh T. Sullivan -- 12. Human Rights are Women's Right: Amnesty International and the Family, Saba Bahar -- 13. The NGO-ization of Feminism: Institutionalization and Institution Building within the German Women's Movement, Sabine Lang -- 14. Some Reflections on US Women of Colour and the United Nations Fourth World Conference on Women and NGO Forum in Beijing, China, Mallika Dutt. |
| 650 #7 - SUBJECT ADDED ENTRY--TOPICAL TERM | |
| Topical term or geographic name as entry element | Feminism |
| Form subdivision | Cross-cultural studies. |
| Source of heading or term | BUEsh |
| 9 (RLIN) | 40309 |
| 650 #7 - SUBJECT ADDED ENTRY--TOPICAL TERM | |
| Topical term or geographic name as entry element | Women |
| General subdivision | Political activity |
| Form subdivision | Cross-cultural studies. |
| Source of heading or term | BUEsh |
| 9 (RLIN) | 40311 |
| 651 ## - SUBJECT ADDED ENTRY--GEOGRAPHIC NAME | |
| Source of heading or term | BUEsh |
| 653 ## - INDEX TERM--UNCONTROLLED | |
| Resource For college | |
| Arrived date list | June2016 |
| 653 ## - INDEX TERM--UNCONTROLLED | |
| Resource For college | Humanities: English |
| Arrived date list | October2016 |
| 653 ## - INDEX TERM--UNCONTROLLED | |
| Resource For college | BAEPS, Political Science |
| Arrived date list | October2016 |
| 700 1# - ADDED ENTRY--PERSONAL NAME | |
| Personal name | Smith, Bonnie G., |
| Dates associated with a name | 1940- |
| 9 (RLIN) | 41550 |
| Relator term | editor. |
| 942 ## - ADDED ENTRY ELEMENTS (KOHA) | |
| Source of classification or shelving scheme | Dewey Decimal Classification |
| Edition | 22 |
| Call number prefix | 305.42 GLO |
| Withdrawn status | Item status | Source of classification or shelving scheme | Damaged status | Not for loan | Vendor | Home library | Current library | Shelving location | Date acquired | Source of acquisition | Cost, normal purchase price | Serial Enumeration / chronology | Total Checkouts | Total Renewals | Full call number | Barcode | Date last seen | Date last borrowed | Cost, replacement price | Koha item type |
|---|---|---|---|---|---|---|---|---|---|---|---|---|---|---|---|---|---|---|---|---|
| Dewey Decimal Classification | Baccah | Central Library | Central Library | First floor | 23/06/2016 | Purchase | 714.00 | 25868 | 3 | 8 | 305.42 GLO | 000032840 | 15/07/2025 | 06/11/2018 | 893.00 | Book - Borrowing | ||||
| Dewey Decimal Classification | Baccah | Central Library | Central Library | First floor | 17/10/2016 | Purchase | 452.00 | 26103 | 1 | 12 | 305.42 GLO | 000033438 | 15/07/2025 | 08/11/2017 | 566.00 | Book - Borrowing |